000 00886nam a2200181 i 4500
001 153190
003 ES-MaACL
005 20230906205050.0
008 020926s1890 sp |||| | spa d
100 1 _aColl y Bofill, Juan.
_939636
245 1 0 _aInstituciones creadas en diversos países a favor de la infancia
_b: dispensarios para niños enfermos : conferencia pública dada en el Ateneo Barcelonés en la noche del 30 de noviembre de 1889 /
_cpor Juan Coll y Bofill.
260 _aBarcelona :
_b[s.n.],
_c1890 (
_fImp. Barcelonesa)
300 _a14 p. ;
_c22 cm.
500 _aInserta en el "Diario de Barcelona", días 19, 20 y 21 de febrero de 1890.
650 _aNiños-
_xSalud e higiene.
_915557
752 _aEspaña -
_dBarcelona
852 _aES-MaACL
_jT-528-F-3
_z- Enc. hol., conservando enc. original
_z. - Dedicatoria autógrafa del autor
_z- Enc. en un vol. facticio
999 _c153190
_d153190